"Εχθρός" εντός των τειχών : όψεις του δωσιλογισμού στην Ελλάδα της κατοχής

Αποθηκεύτηκε σε:
Λεπτομέρειες βιβλιογραφικής εγγραφής
Άλλοι συγγραφείς: Νικολακόπουλος, Ηλίας, 1947-2022 (Επιμελητής έκδοσης), Μιχαηλίδης, Ιάκωβος Δ. (Επιμελητής έκδοσης), Fleischer, Hagen (Επιμελητής έκδοσης)
Μορφή: Βιβλίο
Γλώσσα:Greek
Δημοσίευση: Αθήνα : Ελληνικά Γράμματα, c2006.
Έκδοση:2η έκδ.
Θέματα:
Ετικέτες: Προσθήκη ετικέτας
Δεν υπάρχουν, Καταχωρήστε ετικέτα πρώτοι!

MARC

LEADER 00000cam a2200000 i 4500
001 1/39336
008 061214s2006 gr | ||| |||| ||gre||
020 |a 9789604423781 
020 |a 9604423789 
035 |l 10086564 
040 |a GR-MyUA  |b gre  |e AACR2 
041 0 |a gre 
082 0 |a 938.76  |2 (22) 
245 1 0 |a "Εχθρός" εντός των τειχών :   |b όψεις του δωσιλογισμού στην Ελλάδα της κατοχής /   |c Ιάκωβος Μιχαηλίδης, Ηλίας Νικολακόπουλος, Χάγκεν Φλάισερ.  
250 |a 2η έκδ.  
260 |a Αθήνα :   |b Ελληνικά Γράμματα,   |c c2006.  
300 |a 387 σ. ;   |c 24 εκ. 
504 |a Περιλαμβάνει βιβλιογραφικές παραπομπές.  
650 0 0 |a World War, 1939-1945  |x Collaborationists  |z Greece. 
651 0 |a Greece  |x Politics and government  |y 1935-1967. 
651 0 |a Greece  |x History  |y Occupation, 1941-1944. 
700 1 |a Νικολακόπουλος, Ηλίας,   |d 1947-2022,  |e edt 
700 1 |a Μιχαηλίδης, Ιάκωβος Δ.  |e edt 
700 1 |a Fleischer, Hagen,  |e edt 
852 |a INST  |b LESVOS  |e 20061214  |h 938.76 ΕΧΘ  |p 005100036659  |q 005100036659  |t BK  |y 0 
852 |a INST  |b LESVOS  |e 20070926  |h 938.76 ΕΧΘ  |p 005100040937  |q 005100040937  |t BK  |y 0 
852 |a INST  |b SAMOS  |e 20171006  |h 938.76 ΕΧΘ  |p 005300044621  |q 005300044621  |t BK  |y 0 
901 |a BIBL1-2006-3 
901 |a BIBL1-2007-3 
909 |a Λ  |b 130463 
909 |a Λ  |b 139066 
922 |a 1ΕΛΗ  |b 200708  |c ΕΠΕΑΕΚ2/ΤΚΑ  |d Σ. ΠΑΤΑΚΗΣ 
970 |a ΒΑΡΚΑ  |b ΕΛΕΥΘΕΡΙΑ  |z 2006/12/14